[Event "Saint Affrique op 22nd"]
[Site "Saint Affrique"]
[Date "2014.07.21"]
[Round "4"]
[White "Combes, Angelino"]
[Black "Gachon, Maxence"]
[Result "1-0"]
[WhiteElo "1318"]
[BlackElo "1442"]
[PlyCount "99"]
[EventDate "2014.07.19"]
[EventType "swiss"]
[EventRounds "9"]
[EventCountry "FRA"]
[SourceTitle "CBM 161 Extra"]
[Source "ChessBase"]
[SourceDate "2014.08.29"]
[SourceVersion "1"]
[SourceVersionDate "2014.08.29"]
[SourceQuality "1"]

1. e4 e6 2. d4 d5 3. e5 c5 4. c3 Nc6 5. Be3 Qb6 6. Qb3 Qxb3 7. axb3 cxd4 8. cxd4 Nb4 9. Na3 Ne7 10. Bd2 Nf5 11. Nf3 Nc6 12. Bb5 a6 13. Bxc6+ bxc6 14. Nc2 Rb8 15. b4 f6 16. 0-0 fxe5 17. Nxe5 Rb6 18. Bc3 Bd6 19. Rfe1 Bxe5 20. Rxe5 Nd6 21. Ne3 Nb5 22. Rd1 Nxc3 23. bxc3 0-0 24. Ra1 Rf6 25. Ng4 Rf7 26. Ree1 Ra7 27. Ra5 Kf7 28. Ne5+ Ke7 29. Re3 Kd6 30. Rf3 Rb5 31. Rf7 Rxa5 32. bxa5 Rxf7 33. Nxf7+ Ke7 34. Ne5 Bd7 35. Kf1 Kd6 36. Nf7+ Kc7 37. Ke2 Be8 38. Ng5 Kd6 39. Nxh7 Bg6 40. Ng5 e5 41. Ke3 e4 42. f3 exf3 43. Kxf3 c5 44. Ke3 c4 45. Nf3 Be4 46. g4 Bxf3 47. Kxf3 Ke6 48. Kf4 Kf6 49. h4 g6 50. h5 1-0

[Event "Saint Affrique op 22nd"]
[Site "Saint Affrique"]
[Date "2014.07.21"]
[Round "3"]
[White "Gachon, Maxence"]
[Black "Grosse, Tomas"]
[Result "0-1"]
[WhiteElo "1442"]
[BlackElo "1627"]
[PlyCount "106"]
[EventDate "2014.07.19"]
[EventType "swiss"]
[EventRounds "9"]
[EventCountry "FRA"]
[SourceTitle "CBM 161 Extra"]
[Source "ChessBase"]
[SourceDate "2014.08.29"]
[SourceVersion "1"]
[SourceVersionDate "2014.08.29"]
[SourceQuality "1"]

1. d4 d5 2. c4 c6 3. Nc3 e6 4. cxd5 exd5 5. Bf4 Nf6 6. Qc2 Bd6 7. Bxd6 Qxd6 8. e3 0-0 9. Bd3 Re8 10. Nge2 h6 11. 0-0 Nbd7 12. Rae1 Nf8 13. Ng3 Bd7 14. f3 N8h7 15. Bxh7+ Nxh7 16. Qf2 Nf6 17. e4 dxe4 18. fxe4 Qe7 19. Nf5 Bxf5 20. Qxf5 Rad8 21. Rd1 Qd7 22. Qxd7 Rxd7 23. e5 Nd5 24. Nxd5 Rxd5 25. Rd2 Red8 26. Rfd1 c5 27. Rd3 Rxd4 28. Rxd4 cxd4 29. Kf2 Rd5 30. b3 Kf8 31. Kf3 Rxe5 32. Rxd4 Rb5 33. Rd7 a6 34. Rc7 g6 35. g4 Kg7 36. Ke4 Rb4+ 37. Rc4 Rb5 38. Rc7 Kf6 39. h4 Rb4+ 40. Rc4 Rxc4+ 41. bxc4 g5 42. h5 Ke6 43. c5 a5 44. a4 f6 45. Kd4 f5 46. gxf5+ Kxf5 47. Kd5 g4 48. Kd6 g3 49. Kc7 g2 50. Kxb7 g1Q 51. c6 Qb1+ 52. Kc8 Ke5 53. c7 Qb4 0-1